000 00501nam a2200181Ia 4500
005 20250508154731.0
008 008 250505s9999 xx 000 0 eng d
037 _aTextual
040 _aFEDL
_beng
_cFEDL
041 _aeng
_2eng
084 _a940, GOT
_qFEDL
100 _aGottschalk Louis
245 0 _aEurope and the modern world
260 _aBombay, India
_bAllied Publishers Private Limited
_c1951
300 _a952p.
942 _cTEXL
_h940, GOT
999 _c1351863
_d1351863